<?xml version="1.0" encoding="UTF-8"?>
<record
    xmlns:xsi="http://www.w3.org/2001/XMLSchema-instance"
    xsi:schemaLocation="http://www.loc.gov/MARC21/slim http://www.loc.gov/standards/marcxml/schema/MARC21slim.xsd"
    xmlns="http://www.loc.gov/MARC21/slim">

  <leader>00990nam a22002537a 4500</leader>
  <datafield tag="999" ind1=" " ind2=" ">
    <subfield code="c">120568</subfield>
    <subfield code="d">120568</subfield>
  </datafield>
  <controlfield tag="003">dpl</controlfield>
  <controlfield tag="005">20190413111322.0</controlfield>
  <controlfield tag="008">190413b           ||||| |||| 00| 0 eng d</controlfield>
  <datafield tag="010" ind1=" " ind2=" ">
    <subfield code="a">B-011279</subfield>
  </datafield>
  <datafield tag="020" ind1=" " ind2=" ">
    <subfield code="c">50.00</subfield>
    <subfield code="a">8190082329</subfield>
  </datafield>
  <datafield tag="035" ind1=" " ind2=" ">
    <subfield code="a">B-011279, B-011283</subfield>
  </datafield>
  <datafield tag="037" ind1=" " ind2=" ">
    <subfield code="b">Cen Lib/Ret</subfield>
  </datafield>
  <datafield tag="040" ind1=" " ind2=" ">
    <subfield code="a">DPL</subfield>
    <subfield code="b">HN</subfield>
    <subfield code="c">0</subfield>
  </datafield>
  <datafield tag="082" ind1=" " ind2=" ">
    <subfield code="a">230.51</subfield>
    <subfield code="b">&#x928;&#x93F;&#x927;&#x93F;&#x915;&#x943;</subfield>
  </datafield>
  <datafield tag="100" ind1=" " ind2=" ">
    <subfield code="a">&#x928;&#x93F;&#x927;&#x93F; &#x915;&#x943;&#x92A;&#x93E; </subfield>
    <subfield code="9">91322</subfield>
  </datafield>
  <datafield tag="245" ind1=" " ind2=" ">
    <subfield code="a">&#x91C;&#x940;&#x935;&#x928; &#x92A;&#x93E;&#x925;&#x947;&#x92F; /</subfield>
    <subfield code="c">&#x928;&#x93F;&#x927;&#x93F; &#x915;&#x943;&#x92A;&#x93E; </subfield>
  </datafield>
  <datafield tag="246" ind1=" " ind2=" ">
    <subfield code="a">Jeevan pathey /</subfield>
    <subfield code="b">by Nidhi Kripa </subfield>
  </datafield>
  <datafield tag="260" ind1=" " ind2=" ">
    <subfield code="b">&#x92E;&#x948;&#x924;&#x94D;&#x930;&#x940; &#x91A;&#x948;&#x930;&#x93F;&#x91F;&#x947;&#x92C;&#x932; &#x92B;&#x93E;&#x909;&#x902;&#x921;&#x947;&#x936;&#x928; </subfield>
    <subfield code="a">&#x91A;&#x947;&#x928;&#x94D;&#x928;&#x908; </subfield>
    <subfield code="c">1999</subfield>
  </datafield>
  <datafield tag="270" ind1=" " ind2=" ">
    <subfield code="a">&#x928;&#x902;.2, &#x92E;&#x941;&#x930;&#x941;&#x917;&#x93E;&#x92A;&#x94D;&#x92A;&#x928; &#x938;&#x94D;&#x91F;&#x94D;&#x930;&#x940;&#x91F;, &#x938;&#x94B;&#x915;&#x93E;&#x930;&#x92A;&#x947;&#x91F; </subfield>
    <subfield code="b">&#x91A;&#x947;&#x928;&#x94D;&#x928;&#x908; </subfield>
    <subfield code="e">600079</subfield>
  </datafield>
  <datafield tag="300" ind1=" " ind2=" ">
    <subfield code="a">128&#x92A;&#x943;. </subfield>
    <subfield code="c">20&#x938;&#x947;&#x92E;&#x940;(&#x938;&#x91C;&#x93F;&#x932;&#x94D;&#x926;)</subfield>
  </datafield>
  <datafield tag="650" ind1=" " ind2=" ">
    <subfield code="a">&#x908;&#x938;&#x93E;&#x908; &#x927;&#x930;&#x94D;&#x92E; </subfield>
    <subfield code="9">1541</subfield>
  </datafield>
  <datafield tag="650" ind1=" " ind2=" ">
    <subfield code="a">Christianity</subfield>
    <subfield code="9">3734</subfield>
  </datafield>
  <datafield tag="942" ind1=" " ind2=" ">
    <subfield code="2">ddc</subfield>
    <subfield code="c">HN</subfield>
    <subfield code="h">230.51</subfield>
    <subfield code="m">&#x928;&#x93F;&#x927;&#x93F;&#x915;&#x943;</subfield>
  </datafield>
  <datafield tag="952" ind1=" " ind2=" ">
    <subfield code="0">0</subfield>
    <subfield code="1">0</subfield>
    <subfield code="4">0</subfield>
    <subfield code="7">0</subfield>
    <subfield code="a">L</subfield>
    <subfield code="b">L</subfield>
    <subfield code="d">2015-09-23</subfield>
    <subfield code="e">Cen Lib/Ret</subfield>
    <subfield code="g">50.00</subfield>
    <subfield code="l">0</subfield>
    <subfield code="o">230.51 &#x928;&#x93F;&#x927;&#x93F;&#x915;&#x943;</subfield>
    <subfield code="p">B-011279</subfield>
    <subfield code="r">2015-09-23 00:00:00</subfield>
    <subfield code="t">1</subfield>
    <subfield code="v">50.00</subfield>
    <subfield code="w">2015-09-23</subfield>
    <subfield code="y">HN</subfield>
  </datafield>
  <datafield tag="952" ind1=" " ind2=" ">
    <subfield code="0">0</subfield>
    <subfield code="1">0</subfield>
    <subfield code="2">ddc</subfield>
    <subfield code="4">0</subfield>
    <subfield code="7">0</subfield>
    <subfield code="a">L</subfield>
    <subfield code="b">L</subfield>
    <subfield code="d">2016-10-13</subfield>
    <subfield code="e">Cen Lib/Ret</subfield>
    <subfield code="g">50.00</subfield>
    <subfield code="l">0</subfield>
    <subfield code="o">230.51 &#x928;&#x93F;&#x927;&#x93F;&#x915;&#x943;</subfield>
    <subfield code="p">B-011284</subfield>
    <subfield code="r">2016-10-13 00:00:00</subfield>
    <subfield code="t">2</subfield>
    <subfield code="v">50.00</subfield>
    <subfield code="w">2016-10-13</subfield>
    <subfield code="y">HN</subfield>
  </datafield>
  <datafield tag="952" ind1=" " ind2=" ">
    <subfield code="0">0</subfield>
    <subfield code="1">0</subfield>
    <subfield code="2">ddc</subfield>
    <subfield code="4">0</subfield>
    <subfield code="7">0</subfield>
    <subfield code="a">L</subfield>
    <subfield code="b">L</subfield>
    <subfield code="d">2016-10-13</subfield>
    <subfield code="e">Cen Lib/Ret</subfield>
    <subfield code="g">50.00</subfield>
    <subfield code="l">1</subfield>
    <subfield code="o">230.51 &#x928;&#x93F;&#x927;&#x93F;&#x915;&#x943;</subfield>
    <subfield code="p">B-011281</subfield>
    <subfield code="r">2017-04-19 00:00:00</subfield>
    <subfield code="s">2017-04-05</subfield>
    <subfield code="t">3</subfield>
    <subfield code="v">50.00</subfield>
    <subfield code="w">2016-10-13</subfield>
    <subfield code="y">HN</subfield>
  </datafield>
  <datafield tag="952" ind1=" " ind2=" ">
    <subfield code="0">0</subfield>
    <subfield code="1">0</subfield>
    <subfield code="2">ddc</subfield>
    <subfield code="4">0</subfield>
    <subfield code="7">0</subfield>
    <subfield code="8">NFIC</subfield>
    <subfield code="a">BL4</subfield>
    <subfield code="b">BL4</subfield>
    <subfield code="d">2019-04-13</subfield>
    <subfield code="e">BPPD/PUB</subfield>
    <subfield code="g">50.00</subfield>
    <subfield code="l">1</subfield>
    <subfield code="o">230.51 &#x928;&#x93F;&#x927;&#x93F;&#x915;&#x943;</subfield>
    <subfield code="p">B-011283</subfield>
    <subfield code="r">2019-06-24 00:00:00</subfield>
    <subfield code="s">2019-06-18</subfield>
    <subfield code="v">50.00</subfield>
    <subfield code="w">2019-04-13</subfield>
    <subfield code="y">HN</subfield>
  </datafield>
</record>
